The Western experience / (Record no. 12482)

000 -LEADER
fixed length control field 00744nam a2200217Ia 4500
020 ## - INTERNATIONAL STANDARD BOOK NUMBER
ISBN 0070130671 (v. A)
020 ## - INTERNATIONAL STANDARD BOOK NUMBER
ISBN 007013068X (v. B)
020 ## - INTERNATIONAL STANDARD BOOK NUMBER
ISBN 0070130698 (v. C)
020 ## - INTERNATIONAL STANDARD BOOK NUMBER
ISBN 0072394943 (CDROM)
040 ## - CATALOGING SOURCE
Transcribing agency EYM
082 04 - DEWEY DECIMAL CLASSIFICATION NUMBER
Classification number 909 HIL 1999 A100 Or.
245 04 - TITLE STATEMENT
Title The Western experience /
250 ## - EDITION STATEMENT
Edition statement 7th ed
260 ## - PUBLICATION, DISTRIBUTION, ETC. (IMPRINT)
Place of publication Boston :
Name of publisher McGraw-Hill College,
Year of publication c1999
300 ## - PHYSICAL DESCRIPTION
Number of Pages 3 v. :
Other physical details ill. (some col.), maps (some col.), ports. (some col.) ;
Dimensions 26 cm. +
Accompanying material 1 computer optical disc (4 3/4 in.)
500 ## - GENERAL NOTE
General note Title on accompanying computer disc label: Interactive study guide for use with The western expereince, 7th ed
650 #0 - SUBJECT ADDED ENTRY--TOPICAL TERM
Topical Term Civilization
650 #0 - SUBJECT ADDED ENTRY--TOPICAL TERM
Topical Term Civilization, Western
700 1# - ADDED ENTRY--PERSONAL NAME
Personal name Chambers, Mortimer
942 ## - ADDED ENTRY ELEMENTS (KOHA)
Koha item type សៀវភៅភាសាអង់គ្លេស
952 ## - LOCATION AND ITEM INFORMATION (KOHA)
Withdrawn status [LOCAL, KOHA] 0
Holdings
Permanent Location Date acquired Koha item type Lost status Shelving location Barcode Current Location Full call number
Library Block A2017-08-14សៀវភៅភាសាអង់គ្លេស A100A18311Library Block A909 HIL 1999 A100 Or.
មជ្ឈមណ្ឌលឯការនៃសាកលវិទ្យាល័យភូមិន្ទកសិកម្មចំការដូង

Powered by Koha